banner koha

Dinâmica do componente arbóreo em função da distância da borda em uma floresta com araucária no Planalto Sul Catarinense, Brasil (Registro n. 300997)

MARC details
000 -LÍDER
fixed length control field 03875nab a2200361 i 4500
003 - CÓDIGO MARC DA AGÊNCIA CATALOGADORA
Campo de controle BR-BrBNA
005 - DATA E HORA DA ÚLTIMA ATUALIZAÇÃO
Campo de controle 20240822154741.0
008 - CAMPO DE TAMANHO FIXO
fixed length control field 240822b2020 bl.qr|pooa||| 00| 0 por |
040 ## - FONTE DA CATALOGAÇÃO
Agência catalogadora BR-BrBNA
Idioma da catalogação por
072 ## - CATEGORIA AGRIS
Código AGRIS K10
100 ## - ENTRADA PRINCIPAL - NOME PESSOAL
Nome pessoal Gross, Aline
100 ## - ENTRADA PRINCIPAL - NOME PESSOAL
Código relacionador Silva, Ana Carolina da
100 ## - ENTRADA PRINCIPAL - NOME PESSOAL
Nome pessoal Lima, Carla Luciane
100 ## - ENTRADA PRINCIPAL - NOME PESSOAL
Nome pessoal Martins, Daiany Augusta Paes
100 ## - ENTRADA PRINCIPAL - NOME PESSOAL
Nome pessoal Corrêa, Rogério Nappi
100 ## - ENTRADA PRINCIPAL - NOME PESSOAL
Nome pessoal Souza, Karine
100 ## - ENTRADA PRINCIPAL - NOME PESSOAL
Nome pessoal Nunes, Amanda da Silva
100 ## - ENTRADA PRINCIPAL - NOME PESSOAL
Nome pessoal Cruz, Aline Pereira
100 ## - ENTRADA PRINCIPAL - NOME PESSOAL
Nome pessoal Silva, Mariele Alves Ferrer da
100 ## - ENTRADA PRINCIPAL - NOME PESSOAL
Nome pessoal Higuchi, Pedro
245 ## - TÍTULO PRINCIPAL
Título principal Dinâmica do componente arbóreo em função da distância da borda em uma floresta com araucária no Planalto Sul Catarinense, Brasil
500 ## - NOTA GERAL
Nota geral Publicação on-line; 3 tables; 1 illus.; Summaries (En, Pt)
942 ## - ADDED ENTRY ELEMENTS (KOHA)
Koha item type
520 ## - NOTA DE RESUMO
Nota de conteúdo <br/><br/>Resumo<br/><br/>O presente estudo objetivou analisar a dinâmica do componente arbóreo em floresta com araucária em<br/>função da distância da borda, em Santa Catarina, Brasil. Foram realizados levantamentos da vegetação em<br/>2011 e 2015, pelo método de parcelas permanentes, em cinco transeções contendo dez parcelas de 200 m2<br/>cada, sendo as cinco primeiras parcelas (0-50 m) definidas como setor borda e as cinco últimas (50-100 m)<br/>como interior. Em 2011, os indivíduos arbóreos foram inventariados e em 2015 os sobreviventes e mortos<br/>foram quantificados e os recrutas incorporados ao levantamento. Foram calculadas as taxas de mortalidade<br/>e recrutamento e as espécies foram classificadas em guildas de regeneração. Os resultados demonstraram<br/>que a dinâmica da comunidade não diferiu entre os setores, porém as guildas de regeneração apresentaram<br/>diferentes performances em função da distância da borda, com espécies existentes em luz favorecidas na<br/>borda e espécies tolerantes ao sombreamento no interior. Conclui-se que a fragmentação florestal tem o<br/>potencial de impactar negativamente o componente arbóreo na floresta com araucária.<br/><br/>Palavras-chave: Efeitos de borda; Floresta Ombrófila Mista; Guildas de regeneração
520 ## - NOTA DE RESUMO
Nota de conteúdo <br/>Abstract<br/><br/>This study aimed to analyze the tree component dynamics in an araucaria forest in function of fragment<br/>edge distance in the Santa Catarina state, Brazil. To do so, we conducted the vegetation surveys in 2011<br/>and 2015, through permanent plots, in five sampling transects, containing ten 200 m2<br/>plots for each one. The first five plots (0-50 m) were defined as edge sector and the last five plots (50-100 m) <br/>were considered as interior sector. In 2011, tree individuals were surveyed, with the recruit and dead individuals <br/>counted in 2015. The rates of mortality and recruitment were determined, and the species were classified into<br/>regeneration guilds. The study showed that there was no difference in tree community dynamics between<br/>the analyzed sectors, but the regeneration guilds presented different performance in function of edge<br/>distance, with light-demanding species succeeding in edge and shade-tolerant species performing better<br/>in the interior. We conclude that forest fragmentation has the potential to impact negatively the tree<br/>component in Araucaria forest.<br/><br/>Keywords: Edge effect; Araucaria forest; Regeneration guilds
650 ## - ASSUNTO - THESAGRO
Cabeçalho tópico ou nome geográfico FLORESTA
650 ## - ASSUNTO - THESAGRO
Cabeçalho tópico ou nome geográfico ÁRVORE
650 ## - ASSUNTO - THESAGRO
Cabeçalho tópico ou nome geográfico ARAUCÁRIA
650 ## - ASSUNTO - THESAGRO
Cabeçalho tópico ou nome geográfico VEGETAÇÃO
773 0# - ENTRADA ANALÍTICA
Host Biblionumber 4065
Registro do item 316740
Imprenta Santa Maria-RS Universidade Federal de Santa Maria - Centro de Pesquisas Florestais.Departamento de Ciências Florestais. Programa de Pós-Graduação em Engenharia Florestal 1991
Outro identificador 2024-3273
Título Ciência Florestal (Brazil)
ISSN 0103-9954; 1980-5098 (on-line)
Colação v. 30(3) p. 927-936; (Jul-Sep 2020)
Número de controle de registro BR2023001793
856 ## - ACESSO E ENDEREÇO ELETRÔNICO
Identificador uniforme de recurso - URI https://www.scielo.br/j/cflo/a/TwvFvChDMwZ9X37LwGdyqdw/?format=pdf&lang=pt

Nenhum exemplar disponível.

BINAGRI

Telefone: (61)3218-2567/2388/3357/2097 - binagri@agro.gov.br

Ministério da Agricultura e Pecuária , Esplanada dos Ministérios, Bloco D, Anexo B, Brasília/DF, CEP: 70.043-900